Čo by dnes asi robil Vlado Čech (6.február 1950-6.február 1994)

Bibliographic Details
Main Authors: Štúr, Ivan, 1933-2015 (Author), Sedlák, Miroslav (Author)
Format: Article
Language:Slovak
PhysicalDescription:Fotogr.
Subjects:

MARC

LEADER 00000nab a2200000 a 4500
001 vtls000838666
003 SK-MaSNL
005 20260302163608.0
008 160322c2003 xo 0 slo
015 |a SNBRB2003/07-18965 
035 |a CLN000190321 
040 |a SNKBUCL  |b slo  |c SNKBUCL  |e AACR2 
041 0 |a slo 
044 |a xo  |c SK 
080 |a 07-051(437.6)  |2 UDC-MRF-SK2 
100 1 |a Štúr, Ivan,  |d 1933-2015  |4 aut  |9 161143 
245 1 0 |a Čo by dnes asi robil Vlado Čech  |b (6.február 1950-6.február 1994)  |c [zostavili]: Ivan Štúr, Miroslav Sedlák 
300 |b Fotogr. 
600 1 7 |a Čech, Vladimír,  |d 1950-1994  |2 snkbucl  |9 157401 
655 7 |a články z novín a časopisov  |2 snkbucl  |9 267496 
700 1 |a Sedlák, Miroslav  |4 aut  |9 449156 
773 0 |t Mosty  |g Roč. 12, č. 4 (2003), s.16 
850 |a Slovenská národná knižnica v Martine 
852 |a SNK  |b KIS3GCP 
958 |a BX 
958 |a RBX 
999 |c 1383921  |d 1385851